COMPUTATIONAL METHODOLOGIES IN GENE REGULATORY NETWORKS (Record no. 23261)

000 -LEADER
fixed length control field 00296nam a22001217a 4500
020 ## - INTERNATIONAL STANDARD BOOK NUMBER
International Standard Book Number 9781605666853
082 ## - DEWEY DECIMAL CLASSIFICATION NUMBER
Classification number 572.865
100 ## - MAIN ENTRY--PERSONAL NAME
Personal name SANJOY DAS, DOINA CARAGEA
245 ## - TITLE STATEMENT
Title COMPUTATIONAL METHODOLOGIES IN GENE REGULATORY NETWORKS
260 ## - PUBLICATION, DISTRIBUTION, ETC.
Place of publication, distribution, etc. USA
Name of publisher, distributor, etc. IGI GLOBAL
Date of publication, distribution, etc. 2010
300 ## - PHYSICAL DESCRIPTION
Extent 710
942 ## - ADDED ENTRY ELEMENTS (KOHA)
Koha item type Book
Holdings
Withdrawn status Lost status Damaged status Not for loan Permanent Location Current Location Shelving location Date acquired Total Checkouts Full call number Barcode Date last seen Price effective from Koha item type
        School of Interdisciplinary Engineering and Sciences (SINES) School of Interdisciplinary Engineering and Sciences (SINES) General Stacks 03/07/2013   572.865 RCMS001684 03/07/2013 03/07/2013 Book
        School of Interdisciplinary Engineering and Sciences (SINES) School of Interdisciplinary Engineering and Sciences (SINES) General Stacks 03/07/2013   572.865 RCMS001685 03/07/2013 03/07/2013 Book
        School of Interdisciplinary Engineering and Sciences (SINES) School of Interdisciplinary Engineering and Sciences (SINES) General Stacks 03/07/2013   572.865 RCMS001686 03/07/2013 03/07/2013 Book
        School of Interdisciplinary Engineering and Sciences (SINES) School of Interdisciplinary Engineering and Sciences (SINES) General Stacks 03/07/2013   572.865 RCMS001687 03/07/2013 03/07/2013 Book
© 2023 Central Library, National University of Sciences and Technology. All Rights Reserved.